| 000 | 01396nam a2200337 a 4500 | ||
|---|---|---|---|
| 003 | BLK | ||
| 005 | 20250801142717.0 | ||
| 008 | 180407b bul|||||r ||||||| ||bul|| | ||
| 010 | _aKNG00035218000 | ||
| 020 | _a954-459-780-8 | ||
| 020 | _a9789544597801 | ||
| 040 | _aBLK | ||
| 041 |
_aBUL _cBUL |
||
| 080 |
_aБългарска литература _b821.163.2 _x-32 _z821.163.2-32 |
||
| 100 | 1 |
_981998 _aКонстантинов, Алеко Иваницов _d1863 - 1897 |
|
| 139 |
_aКонстантинов, Алеко Иваницов _bК 82 |
||
| 245 | 1 | 0 |
_aБай Ганьо _bНевероятни разкази за един съвр. българин _cАлеко Константинов |
| 250 | _a54. изд. | ||
| 257 | _aBGR | ||
| 260 |
_aПловдив _bХермес _c2000 _fХасково : Полиграфюг |
||
| 300 |
_a176 с. _c20 см |
||
| 380 | _aX | ||
| 490 |
_aЗлатно перо : Детско-юношеска класика _9201323 |
||
| 500 | _a1. изд. 1895 изд. на книж. Пенчо В. Спасов. - Доп. тир. 2002, 2005, 2006, 2011, 2012, 2024 В доп. тир. от 2024 погрешно отбелязано 1. изд. | ||
| 852 |
_aЦб 207331 _bЦб |
||
| 852 |
_bД _c821.163.2-93/К 82 А |
||
| 856 | 4 | _qpdf | |
| 856 | 4 | _qpdf | |
| 942 |
_cKNG _n0 _051 |
||
| 944 |
_aCR _c30.01.2003 _lИва Цветкова _k30543 |
||
| 999 |
_c32545 _d32545 |
||